000 00729nam a2200289Ia 4500
005 20260324112042.0
008 008 260324s9999 xx 000 0 eng d
020 _a9781003508076
037 _aEBOOK
040 _aCRL
040 _beng
040 _cCRL
041 _2eng
041 _aeng
084 _qCRL
100 _aStefanie Mallon; Galina Mihaleva
_91141106
245 0 _aDecentering Fashion on the Silk Roads
245 0 _bCraft and Responsible Fashion Dynamics in Central Asia
260 _bTaylor and Francis
260 _c2024
365 _a
365 _b220
856 _uhttp://www.taylorfrancis.com/books/9781003508076
942 _cEBOOK
999 _c1730150
_d1730150